书目信息 |
| 题名: |
线性规划
|
|
| 作者: | ;中国人民大学数学教研室 编 | |
| 分册: | 四 经济应用数学基础 | |
| 出版信息: | 北京 中国人民大学出版社 1981 |
|
| 页数: | 157页 | |
| 开本: | 19cm | |
| 丛书名: | ||
| 单 册: | ||
| 中图分类: | O221.1 | |
| 科图分类: | ||
| 主题词: | 线性规划 | |
| 电子资源: | ||
| ISBN: | ||
| 000 | 00805nam0 2200265 45 | |
| 001 | 0181005172 | |
| 005 | 20040520103943.7 | |
| 010 | @dCNY0.65 | |
| 091 | @a13011.20 | |
| 100 | @a19950509d1981 em y0chiy0121 ea | |
| 101 | 0 | @achi |
| 102 | @aCN@b110000 | |
| 105 | @ay z 000yy | |
| 106 | @ar | |
| 200 | 10 | @a线性规划@i经济应用数学基础@h四@Axian xing gui hua@f中国人民大学数学教研室编 |
| 210 | @a北京@c中国人民大学出版社@d1981 | |
| 215 | @a157页@d19cm | |
| 300 | @a高等财经院校试用教材 | |
| 517 | @a经济应用数学基础@AJing Ji Ying Yong Shu Xue Ji Chu | |
| 606 | @a线性规划 | |
| 690 | @aO221.1@v3 | |
| 711 | 02 | @a中国人民大学数学教研室@Azhong guo ren min da xue shu xue jiao yan shi@4编 |
| 801 | 0 | @aCN@b上海图书馆@c20040520 |
| 801 | 2 | @aCN@bNLC@c20040520 |
| 905 | @f2@b54866-867@dO221.1@e24:4 | |
| 线性规划.经济应用数学基础.四/中国人民大学数学教研室编.-北京:中国人民大学出版社,1981 |
| 157页;19cm |
| 高等财经院校试用教材 |
| ISBN :CNY0.65 |
| ● |
| 相关链接 |
|
|
|
|
正题名:线性规划
索取号:O221.1/24:4
 
预约/预借
| 序号 | 登录号 | 条形码 | 馆藏地/架位号 | 状态 | 备注 |
| 1 | 0054866 | 001443584 | 第三借阅区/ [索取号:O221.1/24:4] | 在馆 | |
| 2 | 0054867 | 001443566 | 第三借阅区/ [索取号:O221.1/24:4] | 在馆 | |
| 3 | 0054868 | 001443771 | 第二样本阅览室/ [索取号:O221.1/24:4] | 在馆 |